Introductory differential equation with boundary value problems (Record no. 11005)

MARC details
000 -LEADER
fixed length control field 00441nam a2200157Ia 4500
008 - FIXED-LENGTH DATA ELEMENTS--GENERAL INFORMATION
fixed length control field 230917s9999||||xx |||||||||||||| ||und||
040 ## - CATALOGING SOURCE
-- 208384
Original cataloging agency VIVEKANANDA LIBRARY
041 ## - Language
-- English
082 ## - DDC NUMBER
Classification number 515.35 A35I(3)
100 ## - MAIN ENTRY--PERSONAL NAME
Personal name Abell, Martha L
245 #0 - TITLE STATEMENT
Title Introductory differential equation with boundary value problems
250 ## - EDITION STATEMENT
Edition statement 3rd. ed.
260 ## - PUBLICATION, DISTRIBUTION, ETC. (IMPRINT)
Place of publication, distribution, etc Amsterdam
Name of publisher, distributor, etc Elsevier
Date of publication, distribution, etc 2010
500 ## - GENERAL NOTE
General note 60 15/01/2014 Mathematics (NBHM)
942 ## - ADDED ENTRY ELEMENTS (KOHA)
Koha item type Books
Holdings
Withdrawn status Lost status Damaged status Not for loan Location (home branch) Sublocation or collection (holding branch) Date acquired Koha issues (times borrowed) Koha full call number Accession No. Koha date last seen Koha item type
        VIVEKANANDA LIBRARY VIVEKANANDA LIBRARY 14/03/2014   515.35 A35I(3) 329851 17/09/2023 Books
        VIVEKANANDA LIBRARY VIVEKANANDA LIBRARY 14/03/2014   515.35 A35I(3) 329968 17/09/2023 Books
© Designed and Maintained by Vivekananda Library, MDU Rohtak